[Event "Robecchetto Autunn op 10th"]
[Site "Robecchetto"]
[Date "2013.10.24"]
[Round "4"]
[White "Frignani, Alessandro"]
[Black "Zanin, Fabio"]
[Result "0-1"]
[WhiteElo "1389"]
[BlackElo "1461"]
[PlyCount "90"]
[EventDate "2013.10.03"]
[EventType "swiss"]
[EventRounds "7"]
[EventCountry "ITA"]
[SourceTitle "EXT 2015"]
[Source "ChessBase"]
[SourceDate "2014.11.20"]
[SourceVersion "1"]
[SourceVersionDate "2014.11.20"]
[SourceQuality "1"]

1. e4 e5 2. Bc4 Nf6 3. Qf3 Bc5 4. Nc3 Nc6 5. Nge2 d6 6. h3 Na5 7. Bd3 a6 8. a3 Ba7 9. b4 Nc6 10. Bb2 Nd4 11. Nxd4 Bxd4 12. Bc4 0-0 13. Nd1 Ba7 14. Ne3 Be6 15. d3 Bxc4 16. dxc4 Qd7 17. g4 Qc6 18. Nd5 Nxd5 19. cxd5 Qxc2 20. Qc3 Bxf2+ 21. Kf1 Qxc3 22. Bxc3 Be3 23. Ke2 Bf4 24. Rhf1 Rac8 25. Bd2 g5 26. Rfc1 c6 27. dxc6 Rxc6 28. Bxf4 gxf4 29. Rxc6 bxc6 30. Rc1 Rc8 31. Kd3 c5 32. bxc5 Rxc5 33. Rb1 Rb5 34. Rc1 Rb3+ 35. Ke2 Rxa3 36. h4 Re3+ 37. Kd2 Rxe4 38. Rc6 Rd4+ 39. Ke2 a5 40. Ra6 a4 41. Kf2 e4 42. Ke2 f3+ 43. Ke3 Rd3+ 44. Kxe4 f2 45. Kxd3 f1Q+ 0-1